The Backrooms - Kane Pixels - Statistiques

Statistiques générales
  • Ce quiz a été pris 5 fois
  • Le résultat moyen est 10 sur 24
Statistiques - réponses
Par images Hint Réponse % Correct
7 janvier 2022 The Backrooms (Found Footage)
100%
30 janvier 2023 Damage Control
67%
22 août 2022 Found Footage #2
67%
13 septembre 2024 Found Footage #3
67%
25 juin 2022 Presentation
67%
29 mars 2022 Prototype
67%
21 mai 2022 Report
67%
8 décembre 2022 Reunion
67%
25 juin 2022 Simpsons
67%
14 janvier 2022 The Third Test
67%
24 février 2022 Autopsy Report
33%
18 janvier 2022 First Contact
33%
13 février 2022 Informational Video
33%
8 janvier 2022 Mar11_90ARCHIVE.tar
33%
29 janvier 2022 Missing Persons
33%
11 mars 2022 Motion Detected
33%
24 décembre 2022 Overflow
33%
2 mai 2022 Pitfalls
33%
8 décembre 2022 _recording014
33%
12 février 2025 Static Dead End
33%
21 mai 2022 9780415263573
0%
17 janvier 2022 faultline.mov
0%
22 août 2022 home_27647.mov
0%
2 octobre 2024 Lighting and Tile Survey
0%
Aucun quiz correspondant
Distribution des résultats
% des personnes avec chaque résultat
Percentile par nombre de réponses
Votre historique - résultats
Vous n’avez pas pris ce quiz